Đôi nét về văn bia có nội dung khuyến học của Nghệ An /

محفوظ في:
التفاصيل البيبلوغرافية
المؤلف الرئيسي: Lê Thị Thu Hương.
التنسيق: مقال
اللغة:Vietnamese
الموضوعات:
الوسوم: إضافة وسم
لا توجد وسوم, كن أول من يضع وسما على هذه التسجيلة!
Thư viện lưu trữ: Thư viện Trường Đại học Đà Lạt
LEADER 00736nam a2200253 4500
001 DLU180186534
005 ##20180830
040 # # |a DLU  |b vie 
041 # # |a vie 
044 # # |a vn 
100 # # |a Lê Thị Thu Hương. 
245 # # |a Đôi nét về văn bia có nội dung khuyến học của Nghệ An /  |c Lê Thị Thu Hương. 
653 # # |a Khuyến học 
653 # # |a Nghệ An 
653 # # |a Văn bia 
773 # # |t Tạp chí Hán Nôm  |g Số 4(143), 2017, tr. 70-82 
920 # # |a Phòng Tạp chí -- Trung tâm Thông tin - Thư viện Trường Đại học Đà Lạt 
900 # # |a True 
911 # # |a Hoàng Thị Huyền 
925 # # |a G 
926 # # |a A 
927 # # |a BB 
980 # # |a Thư viện Trường Đại học Đà Lạt